02139nam a22001697a 4500999001900000008004100019100004900060245009500109260002700204300003200231520143400263650010901697773002701806906002201833942000701855952010701862 c521673d521673230222b ||||| |||| 00| 0 eng d aThapa, Rukmini and Mishra, Deepak K. 937397 aAgrarian distress and seasonal out-migration: Insights from a field survey in North Bengal aSociological Bulletin  a71(3), Jul, 2022: p.396-420 aA substantial section of India’s migrant labour force is pushed into precarious livelihoods in the informal economy. The circular dynamic of seasonal migration, taken to fill the recurrent voids in earnings and employment, is the only distress-ameliorating strategy of marginalised households and should not be equated with accumulative and aspirational forms of livelihood diversification. We analyse the processes behind the emergence of a mobile labour force in the backdrop of the declining viability of agriculture. We have documented illustrations of livelihood distress of two villages using data from a primary field survey conducted in the northern region of West Bengal. Our findings show that the multiple modes of migration in both villages were outcomes of migrants’ relentless efforts to continuously evolve and explore new routes for livelihood and, in the process, develop ways to minimise risks and social costs. With rising employment insecurity in the urban economy, migrants were building resilience against different forms of vulnerability and redundancy from traditional modes of reproduction. The linkages between the crisis of survival of the agrarian classes in rural India and the continued vulnerability of the seasonal and circular migrant workers point to the specific ways in which labour is getting absorbed, most often in adverse forms, in a rapidly globalising Indian economy. – Reproduced  aAgrarain crisis, Seasonal migration, Livelihood diversification, Labour migration, North Bengal. 935837 aSociological Bulletin  aAGRARIAN DISASTER cAR 00102ddc40709396186aIIPAbIIPAd2023-02-22h71(3), Jul, 2022: p.396-420pAR128053r2023-02-22yAR